Diccionario filosófico / M. M. Rosental, P. F. Iudin, Directores (Registro nro. 43346)
[ vista simple ]
| 000 -LÍDER | |
|---|---|
| Campo fijo de descripción fija | 003540000a22001330004500 |
| 041 0# - CÓDIGO DE IDIOMA | |
| Código de idioma para texto/pista de sonido o título separado | |
| 082 04 - NÚMERO DE CLASIFICACIÓN DECIMAL DEWEY | |
| Número de clasificación | R 103 R8153d |
| 001 - NÚMERO DE CONTROL | |
| Campo de control | 14485 |
| 245 10 - TÍTULO | |
| Título del Material | Diccionario filosófico / M. M. Rosental, P. F. Iudin, Directores |
| 260 ## - PUBLICACIÓN, DISTRIBUCIÓN, ETC. (PIE DE IMPRENTA) | |
| Lugar de publicación, distribución, etc. | Bogotá : Ediciones Nacionales |
| 300 ## - DESCRIPCIÓN FÍSICA | |
| Extensión | 498 Pág. |
| 650 14 - ASIENTO SECUNDARIO DE MATERIA - TERMINO TEMÁTICO | |
| Término temático o nombre geográfico como elemento de entrada | FILOSOFIA \ ENCICLOPEDIAS Y DICCIONARIOS |
| 942 ## - TIPO DE MATERIAL (KOHA) | |
| Tipo de Item KOHA | Libros General |
| Estado de Material | Estado de Perdido | Estado de Dañado | No para Préstamo | Colección | Tomo | Biblioteca de Origen | Biblioteca Permanente | Fecha de Adquisición | Total de Préstamos | Signatura Topográfica | Código de Barras | Última vez visto | Ejemplar/Existencia | Fecha de Remplazo | Tipo de Material |
|---|---|---|---|---|---|---|---|---|---|---|---|---|---|---|---|
| Colección de Referencia | Biblioteca FUSBC | Biblioteca FUSBC | 26/07/2007 | R 103 R8153d | 16549 | 12/12/2019 | 1 | 26/01/2016 | Libros de Referencia |
